LES PLUS GRANDES MEGAPOLES DU MONDE - Statistiques

Statistiques générales
  • Ce quiz a été pris 256 fois
  • Le résultat moyen est 7 sur 10
Statistiques - réponses
Population (EN MILLIONS) Agglomérations % Correct
37,4 Tokyo
96%
20 Beijing/Pékin
90%
26,4 Shanghai
83%
29,5 Delhi
80%
21,6 Mexico City/Mexico
74%
20,2 Mumbai/Bombay
73%
21,8 São Paulo
64%
20,5 Le Caire/Cairo
53%
19,2 Osaka
49%
20,3 Dhaka/Dacca
34%
Aucun quiz correspondant
Distribution des résultats
% des personnes avec chaque résultat
Percentile par nombre de réponses
Votre historique - résultats
Vous n’avez pas pris ce quiz